Fandom Names Quiz (2022) - Statistics

General Stats
  • This quiz has been taken 138 times
    109 since last reset
  • The average score is 10 of 72
Answer Stats
Artist Fandom Name % Correct
BTS Army
74%
Taylor Swift Swifties
72%
One Direction Directioners
65%
Blackpink Blinks
52%
Harry Styles Harries
49%
Ariana Grande Arianators
48%
Justin Bieber Beliebers
46%
Stray Kids Stays
38%
Louis Tomlinson Louies
35%
Twice Once
35%
Ateez Atiny
34%
Little Mix Mixers
33%
EXO EXO-L
30%
Seventeen Carats
28%
Itzy Midzy
28%
NCT NCTzens
26%
Nicki Minaj Barbz
25%
Lady Gaga Little Monsters
22%
Selena Gomez Selenators
22%
Beyonce Beyhive
17%
Demi Lovato Lovatics
15%
(G)I-dle Neverland
15%
Zayn Malik Zquad
15%
GOT7 IGOT7/AhGaSe
13%
Melanie Martinez Cry Babies
12%
Mamamoo MooMoo
12%
Katy Perry Katy Cats
11%
Monsta X Monbebe
11%
5 Seconds of Summer 5SOS Fam
10%
Loona Orbit
10%
Red Velvet ReVeluvs
10%
Cardi B Bardigang
9%
Rihanna Navy/Rihanna Navy
9%
Miley Cyrus Smilers
9%
Eminem Stans
9%
Fifth Harmony Harmonizers
8%
Ed Sheeran Sheerios
8%
Shawn Mendes Mendes Army
7%
Lewis Capaldi Big Fat Sexy Jungle Cats (idk either lmao)
6%
Camila Cabello Camilizers
6%
Mariah Carey Lambs
6%
Lizzo Lizzbians
4%
Twenty One Pilots Skeleton Clique/Clikkies
4%
Charli XCX Angels/Charli's Angels
3%
Yungblud Black Hearts Club
3%
Adele Daydreamers
3%
Drake Team Drizzy
3%
Imagine Dragons Fire Breathers
2%
Carly Rae Jepsen Jepsies
2%
Why Don't We Limelights
2%
Kesha Animals
1%
Iggy Azalea Azaleans
1%
Avril Lavigne Black Stars
1%
The Grateful Dead Deadheads
1%
Thirty Seconds to Mars Echelon/The Cult
1%
Green Day Idiots
1%
Lauren Jauregui Jaguars
1%
My Chemical Romance Killjoys/MCRmy
1%
Sam Smith Little Sailors
1%
Pentatonix Pentaholics
1%
Linkin Park Soldiers
1%
The Vamps Vamily
1%
Fall Out Boy Youngbloods
1%
Janelle Monae Fandroids
0%
Ellie Goulding Goulddiggers
0%
Jonas Brothers Jonatics
0%
Kelly Clarkson Kellebrities
0%
Normani Kordeination/The Nation
0%
Poppy Poppy Seeds
0%
Rita Ora Ritabots
0%
Waterparks The Blondes
0%
Justin Timberlake The TN Kids
0%
No matching quizzes found
Score Distribution
Percent of People with Each Score
Percentile by Number Answered
Your Score History
You have not taken this quiz since the last reset